000 00748cam a2200253 i 4500
001 000010250
003 DO-SdBNP
005 20230529093446.0
007 ta
008 770118s1964 sp 000 d spa d
040 _aDO-SdBNP
_bspa
_erda
_cBNPHU
082 4 _aM862.1
_bR934verd
_222
100 1 _aRuiz de Alarcón, Juan,
_d1580?-1639
_917661
245 1 3 _aLa verdad sospechosa /
_cJuan Ruiz de Alarcón.
264 _aMadrid :
_bCulturama,
_c1964.
300 _a125 páginas ;
_c18 cm.
336 _2rdacontent
_atexto
_btxt
337 _2rdamedia
_asin mediación
_bn
338 _2rdacarrier
_avolumen
_bnc
490 _aClásicos Culturama
_v1
650 4 _aTeatro mexicano
_917662
650 4 _aLiteratura mexicana
_91922
942 _2ddc
_cLBS1
999 _c10009
_d10009